Derecho civil y romano: culturas y sistemas jurídicos comparados

Збережено в:
Бібліографічні деталі
Автор: Adame Goddard, Jorge (Автор)
Формат: Книга
Мова:Іспанська
Опубліковано: Ciudad de México Universidad Nacional Autónoma de México 2006
Редагування:1a. ed
Серія:Doctrina Jurídica, 290
Предмети:
Теги: Додати тег
Немає тегів, Будьте першим, хто поставить тег для цього запису!

MARC

LEADER 00000nam a2200000 a 4500
001 UCJ0658
003 CL-VaPUC
008 060825e20060000MX |||||||||||||||||spa|d
020 |a 9703233716 
082 0 4 |a 340.54  |b ADA  |2 21 
100 0 |a Adame Goddard, Jorge  |e author  |9 500885 
245 1 0 |a Derecho civil y romano: culturas y sistemas jurídicos comparados 
250 |a 1a. ed 
300 |a 703 p 
942 |c BK 
945 |d 20060825 00:00:00  |a jtorresc 
260 |a Ciudad de México  |b Universidad Nacional Autónoma de México  |c 2006 
650 0 |a Derecho romano  |9 255930 
650 0 |a Derecho civil  |9 255013 
650 0 |a Sistemas jurídicos  |9 493750 
650 0 |a Procedimiento civil  |9 254870 
583 |a last modification  |c 20140408 10:30:53  |k Rodrigo Vera 
490 0 |a Doctrina Jurídica, 290 
999 |c 317422  |d 317420 
952 |0 0  |1 0  |4 0  |6 340_540000000000000_ADA_2006  |7 0  |8 DER_ROM  |9 393767  |a BIBDER  |b BIBDER  |d 2019-11-22  |i 4247833  |l 1  |o 340.54 ADA 2006  |p 4247833  |r 2023-01-25  |s 2020-03-16  |w 2019-11-22  |x Ubicación 4to piso  |y BK  |z Este recurso debe solicitarse con anticipación  |k DER 
952 |0 0  |1 0  |4 0  |6 340_540000000000000_ADA_2006  |7 0  |8 A  |9 393768  |a BIBDER  |b BIBDER  |d 2019-11-22  |i 4330692  |l 2  |m 2  |o 340.54 ADA 2006  |p 4330692  |q 2025-12-31  |r 2021-10-16  |s 2021-10-16  |w 2019-11-22  |y BK  |k DER